Statystyki dla Państwa: Wyspy

Kliknij tutaj aby rozwiązać quiz!

Ogólne statystyki

  • Ten quiz został rozwiązany 125 razy
    (44 od ostatniego zresetowania)
  • Średni wynik to 30 z 40

Statystyki odpowiedzi

Karta odpowiedziMiejsce% Poprawnych
IslandiaOcean Atlantycki i Północny
95%
KubaMorze Karaibskie
95%
SeszeleOcean Indyjski
92%
MadagaskarOcean Indyjski
89%
Sri LankaOcean Indyjski
89%
PalauOcean Spokojny
89%
CyprMorze Śródziemne
89%
MaltaMorze Śródziemne
89%
DominikaMorze Karaibskie
86%
FilipinyOcean Spokojny
86%
Nowa ZelandiaOcean Spokojny
84%
MalediwyOcean Indyjski
84%
KomoryOcean Indyjski
84%
Wyspy MarshallaOcean Spokojny
81%
JamajkaMorze Karaibskie
81%
NauruOcean Spokojny
78%
Antigua i BarbudaMorze Karaibskie
76%
BarbadosMorze Karaibskie
76%
JaponiaOcean Spokojny
76%
TuvaluOcean Spokojny
76%
Saint Vincent i GrenadynyMorze Karaibskie
73%
Trynidad i TobagoMorze Karaibskie
73%
FidżiOcean Spokojny
73%
TajwanOcean Spokojny
70%
VanuatuOcean Spokojny
70%
Wyspy SalomonaOcean Spokojny
70%
Wyspy Świętego Tomasza i KsiążęcaOcean Atlantycki
70%
Saint LuciaMorze Karaibskie
70%
Saint Kitts i NevisMorze Karaibskie
70%
BahamyMorze Karaibskie
70%
MauritiusOcean Indyjski
70%
Republika Zielonego PrzylądkaOcean Atlantycki
68%
KiribatiOcean Spokojny
68%
GrenadaMorze Karaibskie
65%
Dania (Grenlandia)Ocean Atlantycki i Północny
62%
TongaOcean Spokojny
59%
SamoaOcean Spokojny
57%
MikronezjaOcean Spokojny
54%
SingapurOcean Spokojny/Morze Południowochińskie
43%
BahrajnOcean Indyjski
41%

Rozkład punktacji

Percentyl według liczby udzielonych odpowiedzi

Procent ludzi z każdym wynikiem

Twoja historia wyników

Nie rozwiązałeś tego quizu od ostatniego zresetowania